00391 2200157 4500001002100000005001500021035002000036245003700056100001500093300001700108260004800125082001000173084001600183020002200199990001200221INLIS00000000000332520251222091302 a0010-12250001461 aHell Girl Return 9 /cMiyuki Eto0 aMiyuki Eto c11,5 x 17 cm aJakarta :bPT. Elek Media Komputindo,c2016 a741.3 a741.3 MIY h a978-602-02-8552-8 a0754508